00538nam a22002057a 450000500170000001000130001702000220003003500130005203700160006504000120008108200120009310000210010524500560012626000320018227000520021430000200026665000240028665000190031070000030032920170124110109.0 aA-704290 c70.00a8171672469 aA-704290 bCen Lib/Ret aDPLbEN aNbGOK  aGokhale, Namita  aGods graves and :cby Namita Gokhalebgrandmother / aNew DelhibRupa & co.c1994 bNew Delhia7/16, Ansari road, Dryaganj e110002 a181p.c19cm(Hb) aEnglish literature  aEnglish novel